00565nam a22001937a 450000500170000001000150001702000260003203500130005803700130007108200100008410000180009424500700011225000120018226000330019427000460022730000250027350000500029870000230034820140811120906.0 aENG-110321 a9789350623145c350.00 aEN-93853 bDBAD/PUB a651.7 aSehgal, M. K. aBusiness communication /cby M. K. Sehgal [and] Vandana Khetarpal a2nd ed. aNew DelhibExcel Booksc2013 aA-45, Naraina, Phase IbNew Delhie110028 aix,518p. c24cm(pbk) aIncludes bibliographical references and index aKhetarpal, Vandana